| 000 | 00336nam a22001337a 4500 | ||
|---|---|---|---|
| 008 | 250428b |||||||| |||| 00| 0 eng d | ||
| 020 | _a9781538760147 | ||
| 050 |
_aPS3608 _b.G66 |
||
| 245 | _aThe Good Luck Charm | ||
| 260 |
_aNew York _bHachette Book Group _c2018 |
||
| 300 | _aviii,340p | ||
| 650 |
_aRomance _vLove stories |
||
| 942 | _cBK | ||
| 999 |
_c3241 _d3241 |
||